| 000 | 00668nam a2200217 a 4500 | ||
|---|---|---|---|
| 001 | 56171 | ||
| 003 | BD-RjUL | ||
| 005 | 20211209080349.0 | ||
| 008 | 161127s1964 nyua b 000 0 eng | ||
| 035 | _a(BD-RjUL)56295 | ||
| 040 |
_aDLC _cOYU _dBD-RjUL _beng |
||
| 041 | _aeng | ||
| 082 |
_a541.394 _223 _bCAT 1964 |
||
| 245 | 0 | 0 |
_aCatalysis and chemical kinetics / _cby A. A. Balandin [and others] |
| 260 |
_aNew York : _bAcademic Press, _c1964 |
||
| 300 |
_axii, 255 p. : _billus. ; _c24 cm. |
||
| 504 | _aIncludes bibliographical references. | ||
| 650 |
_aChemical kinetics _9162571 |
||
| 700 | 1 |
_aBalandin, Alekseĭ Aleksandrovich, _d1898- _9167191 |
|
| 942 |
_2ddc _cBK |
||
| 999 |
_c56171 _d56171 |
||